| 000 | 00396nam a2200157 a 4500 | ||
|---|---|---|---|
| 005 | 20210219153213.0 | ||
| 008 | 991125n 000 0 spa u | ||
| 035 | _aUPN01000084017 | ||
| 100 | _aRodriguez Kauth, Angel | ||
| 222 | _aUNIVERSIDADES | ||
| 245 | _aJose Ingenieros y la Universidad / UDUAL | ||
| 300 | _a47-58 | ||
| 362 | _a1999 48 (1) | ||
| 904 |
_aAC _b021828 |
||
| 905 | _aArticulo | ||
| 999 |
_c70978 _d70978 |
||